000 00357 a2200169 4500
001 174310
020 _a85-262-6337-4
040 _cMagnum
100 _aMurray, Roseana
240 1 0 _aO traço e a traça
_lpor
245 1 0 _aO traço e a traça
300 _a32
362 0 _a2006
440 1 _aScipione
697 _aLITERATURA INFANTO
942 _cBK
999 _c174310
_d174310